| 000 | 00374nam a22001577a 4500 | ||
|---|---|---|---|
| 020 | _a0-340-66729-X | ||
| 082 |
_a823 _bDAN/G |
||
| 100 | _aDANIELS, LUCY | ||
| 245 |
_aANIMAL ARK _bSHORT STORY |
||
| 246 |
_aANIMAL ARK _bSHORT STORY |
||
| 260 |
_aGREAT BRITIAN _bHODDER CHILDRENS BOOK _c1997 |
||
| 300 | _a149 | ||
| 520 | _aSHORT STORY | ||
| 650 | _aSHORT STORY | ||
| 942 | _cBK | ||
| 999 |
_c1843 _d1843 |
||